Inženýrská geometrie : [urč. pro posl. fak. stroj.] /

Hlavní autor: Kargerová, Marie, 1940-
Další autoři: Veselý, Zdeněk, Mertl, Petr, 1946-
Jazyk: Čeština
Vydáno: Praha : České vysoké učení technické, 1994
Vydání: 1. vyd.
Témata:
Externí odkaz: Digitalizovaný dokument
Fyzický popis: 200 s. : obr.
Knihy
Uloženo v:
LEADER 02099nam a2200481 a 4500
001 000004270
003 CZ BrMZK
005 20250103065219.0
007 ta
008 010907s1994 xr e p 000 cze d
015 |a cnb000086273 
020 |a 80-01-01147-X  |c 42.00 
035 |a (OCoLC)85650095 
035 |a (OCoLC)85650095 
040 |a BOA001  |b cze 
072 7 |a 514  |x Geometrie  |2 Konspekt  |9 13 
072 7 |a 37.016  |x Učební osnovy. Vyučovací předměty. Učebnice  |2 Konspekt  |9 22 
080 |a 514  |2 MRF 
080 |a (075.8)  |2 MRF 
100 1 |a Kargerová, Marie,  |d 1940-  |7 jn20001005590 
245 1 0 |a Inženýrská geometrie :  |b [urč. pro posl. fak. stroj.] /  |c Marie Kargerová, Petr Mertl, Zdeněk Veselý 
250 |a 1. vyd. 
260 |a Praha :  |b České vysoké učení technické,  |c 1994 
300 |a 200 s. :  |b obr. 
500 |a Dotisk vyšel v roce 1997, 1998 
500 |a Dostupné též v digitální podobě v aplikaci Kramerius 
504 |a Obsahuje bibliografii 
650 0 7 |a geometrie  |7 ph114624  |2 czenas 
650 0 9 |a geometry  |2 eczenas 
655 7 |a učebnice vysokých škol  |7 fd133772  |2 czenas 
655 9 |a textbooks (higher)  |2 eczenas 
700 1 |a Veselý, Zdeněk  |7 jx20031202002 
700 1 |a Mertl, Petr,  |d 1946-  |7 jn20010309643 
856 4 1 |u http://www.digitalniknihovna.cz/mzk/uuid/uuid:6a8a6400-cc07-11e5-a590-005056827e51  |y Digitalizovaný dokument  |x NDK 
910 |a BOA001  |b 4-1001.755  |b TK-A-0261.301  |b TK-A-0263.378 
920 |a 000197526 
920 |a 000314398 
990 |a BK 
996 6 |b 2610011771  |c 4-1001.755  |l MZK  |r Sklad / do 1 hodiny  |n 1  |p p.v.  |w 000004270  |u 000010  |a 1  |e BOA001  |j MZK50  |s P 
996 7 |b 2620007627  |c TK-A-0261.301  |l MZK  |r Sklad / do 24 hodin  |n 1  |p kup  |w 000004270  |u 000020  |a 1  |e BOA001  |j MZK50  |s A 
996 7 |b 2620007628  |c TK-A-0261.301  |l MZK  |r Sklad / do 24 hodin  |n 2  |p kup  |w 000004270  |u 000030  |a 1  |e BOA001  |j MZK50  |s A 
996 7 |b 2620011073  |c TK-A-0263.378  |l MZK  |r Sklad / do 24 hodin  |n 4  |p kup  |w 000004270  |u 000040  |a 1  |e BOA001  |j MZK50  |s A 
996 7 |b 2620011074  |c TK-A-0263.378  |l MZK  |r Sklad / do 24 hodin  |n 4  |p kup  |w 000004270  |u 000050  |a 1  |e BOA001  |j MZK50  |s A